10 najbiedniejszych państw Europy. (Stan na 2021 r.) - Statystyki

Ogólne statystyki
  • Ten quiz został rozwiązany 117 razy
  • Średni wynik to 9 z 10
Statystyki odpowiedzi
Miejsce Kraj PKB per capita % Poprawnych
8 Czarnogóra 8704 $
92%
1 Mołdawia 3300 $
92%
2 Ukraina 3425 $
92%
10 Bułgaria 11350 $
91%
3 Kosowo 5020 $
91%
7 Białoruś 6604 $
89%
4 Albania 5373 $
87%
9 Serbia 8748 $
86%
6 Bośnia i Hercegowina 6536 $
85%
5 Macedonia 6096 $
85%
Nie znaleziono quizów pasujących do podanych kryteriów
Rozkład punktacji
Procent ludzi z każdym wynikiem
Percentyl według liczby udzielonych odpowiedzi
Twoja historia wyników
Nie rozwiązałeś tego quizu